| 000 | nam a22 a 4500 | ||
|---|---|---|---|
| 999 |
_c424611 _d424611 |
||
| 003 | BLK | ||
| 005 | 20210721144359.0 | ||
| 008 | 210721b bul|||||r ||||||| ||bul|| | ||
| 010 | _aKNG00015820RET | ||
| 040 | _aBLK | ||
| 041 |
_aBUL _cBUL |
||
| 072 |
_9178367 _aЦ _xРедки и ценни |
||
| 080 |
_aФренска литература _b821.133.1 _x-1 _z821.133.1-1 |
||
| 100 | 1 |
_aДоде, Алфонс _eпърви автор _9401914 |
|
| 139 | _aДоде, Алфонс | ||
| 245 | 1 | 0 |
_aХубавица _bИстория на една стара лодка и стопаните й : Разказ _cАлфонс Доде; Прев. от рус. Д. Велков. |
| 257 | _aBGR | ||
| 260 |
_aШумен _bб. и. _fШумен : печ. Вл. Р. Блъсков _c1898 _9441842 |
||
| 300 |
_a75 с. _c20 см |
||
| 380 | _aX | ||
| 490 |
_aЮношеска библиотека _v2 _9392379 |
||
| 490 |
_aКолекция Редки и ценни издания _9435080 |
||
| 500 | _a(Цена в кумул.) : 0.50 лв. | ||
| 659 | 7 |
_9178164 _aЦ _xРедки и ценни |
|
| 700 |
_aВелков, Д. Т. _eпрев. от рус. _9435204 |
||
| 852 |
_aРб 898 _bРц |
||
| 856 | 4 |
_qpdf _u |
|
| 856 | 4 |
_qpdf _u |
|
| 942 |
_cKNG _n0 _s1 |
||
| 944 |
_aCR _c2021-07-21 _kА.М. |
||
| 999 | _d346668 | ||